| 000 | 00500nam a22001817a 4500 | ||
|---|---|---|---|
| 999 |
_c10480 _d10480 |
||
| 003 | GBCCL | ||
| 005 | 20241126110733.0 | ||
| 008 | 240812b ||||| |||| 00| 0 eng d | ||
| 020 | _a3906589048 | ||
| 040 | _cgbc | ||
| 082 |
_a266 _bLAC |
||
| 245 |
_aBreakthrough: _btaking the gospel across forbidden borders / _cRudi Lack with June Dooney |
||
| 260 |
_aSwitzerland : _bGLIFA, Krattigen _c1999 |
||
| 300 | _a266p. ; | ||
| 650 |
_aMissionaries _93863 |
||
| 650 |
_aMissions _9885 |
||
| 942 |
_2ddc _cBK |
||